000 00725cab a2200229 4500
001 WB3220-07
008 090401t1996 xxu||||| |||| 00| 0 eng d
035 _a(Sirsi) u8074
041 _aeng
245 _aNew fire safety proposals
260 _c1996
350 _a0
490 _aHome Office News Release
_v(151/96) 21 May 1996, (2)
520 _aHome Office proposals on fire safety aim to streamline existing local and national regulations.
650 _aBUILDING CONTROL
_96222
650 _aFIRE REGULATIONS
650 _aMANAGEMENT-HEALTH AND SAFETY-FIRE SAFETY
650 _aHEALTH AND SAFETY AT WORK
690 _aBUILT ENVIRONMENT-BUILDING STANDARDS-FIRE REGULATIONS
942 _n0
948 _c04/03/1997
999 _c4922
_d4922